Hoá lý kỹ thuật các quá trình luyện thép và hợp kim

Gồm những kiến thức cơ bản về nhiệt công và nội năng; định luật I nhiệt động lực; nhiệt dung, dẫn nhiệt và nhiệt phản ứng; định luật II, III động lực học và các tính chất của kim loại lỏng, dung dịch kim loại lỏng, cùng các phản ứng hoa...

詳細記述

保存先:
書誌詳細
第一著者: Tô, Duy Phương
その他の著者: Viện Hàn lâm Khoa học và Công nghệ Việt Nam
フォーマット: 図書
言語:Undetermined
出版事項: H. Khoa học Tự nhiên và Công nghệ 2013
主題:
オンライン・アクセス:http://lrc.tdmu.edu.vn/opac/search/detail.asp?aID=2&ID=41682
タグ: タグ追加
タグなし, このレコードへの初めてのタグを付けませんか!
Thư viện lưu trữ: Trung tâm Học liệu Trường Đại học Thủ Dầu Một
LEADER 01234nam a2200217Ia 4500
001 TDMU_41682
008 210410s9999 xx 000 0 und d
082 |a 780.9597 
090 |b T450 
100 |a Tô, Duy Phương 
245 0 |a Hoá lý kỹ thuật các quá trình luyện thép và hợp kim 
245 0 |c Tô Duy Phương 
260 |a H. 
260 |b Khoa học Tự nhiên và Công nghệ 
260 |c 2013 
300 |a 349tr. 
520 |a Gồm những kiến thức cơ bản về nhiệt công và nội năng; định luật I nhiệt động lực; nhiệt dung, dẫn nhiệt và nhiệt phản ứng; định luật II, III động lực học và các tính chất của kim loại lỏng, dung dịch kim loại lỏng, cùng các phản ứng hoá của quá trình luyện kim và hợp kim 
650 |a Kỹ thuật hóa lý; Quá trình luyện kim; Quá trình luyện thép 
700 |a Viện Hàn lâm Khoa học và Công nghệ Việt Nam 
856 |u http://lrc.tdmu.edu.vn/opac/search/detail.asp?aID=2&ID=41682 
980 |a Trung tâm Học liệu Trường Đại học Thủ Dầu Một